000
00308nam a2200121Ia 4500
008
190722s9999 xx 000 0 und d
020
_a
978-1-118-27380-7
100
_a
Monica Wofford
245
0
_a
Make Difficult People Disappear
260
_a
Canada
_b
John Wiley & Sons
_c
2012
300
_a
196
942
_c
BK
999
_c
518
_d
518